The forgotten arts and crafts
| Main Author: | |
|---|---|
| Format: | Book |
| Published: |
London :
aA Dorling Kindersley Book ,
2001
|
| Subjects: |
MARC
| LEADER | 00000cam a2200000 7i4500 | ||
|---|---|---|---|
| 001 | 0000066963 | ||
| 005 | 20030711.0 | ||
| 020 | |a 0751327824 | ||
| 090 | 0 | 0 | |a 745.509 |b SEY |
| 100 | 1 | |a Seymour, John | |
| 245 | 1 | 4 | |a The forgotten arts and crafts |c John Seymour |
| 260 | |a London : |b aA Dorling Kindersley Book , |c 2001 | ||
| 300 | |a 384p. ; |c 28cm. | ||
| 650 | 0 | 0 | |a Handicraft |x History |
| 999 | |a 00153614 |b BUKU |c RUJUKAN |e PERPUSTAKAAN KOMUNITI PETALING JAYA | ||